Особенности проведения геофизических исследований в скважинах при изучении и освоении инфильтрационных (гидрогенных) месторождений урана: учебное пособие

書誌詳細
第一著者: Язиков В. Г. Виктор Григорьевич
団体著者: Национальный исследовательский Томский политехнический университет (ТПУ) Институт природных ресурсов (ИПР) Кафедра геоэкологии и геохимии (ГЭГХ)
その他の著者: Легавко А. В. Александр Васильевич
要約:Заглавие с титульного экрана
Электронная версия печатной публикации
В пособии изложены основные понятия, термины, этапы и методы геофизических исследований скважин при изучении и освоении инфильтрационных (гидрогенных) месторождений урана. Отражены принципы проведения исследований в скважинах, показывается современная основная аппаратурная база для проведения геофизических работ, а также нормативная документация для проведения работ на месторождениях с отработкой способом подземного скважинного выщелачивания. Предназначено для студентов бакалавриата и магистрантов, обучающихся по направлению 020700 "Геология", профиль "Геология месторождений радиоактивного сырья", а также для круга читателей, занимающихся изучением месторождений урана
Режим доступа: из корпоративной сети ТПУ
言語:ロシア語
出版事項: Томск, Изд-во ТПУ, 2012
主題:
オンライン・アクセス:http://www.lib.tpu.ru/fulltext2/m/2013/m055.pdf
フォーマット: MixedMaterials 電子媒体 図書
KOHA link:https://koha.lib.tpu.ru/cgi-bin/koha/opac-detail.pl?biblionumber=235082

MARC

LEADER 00000nlm0a2200000 4500
001 235082
005 20231101231355.0
035 |a (RuTPU)RU\TPU\book\256211 
090 |a 235082 
100 |a 20130404d2012 m y0rusy50 ca 
101 0 |a rus 
102 |a RU 
105 |a a j 001zy 
135 |a drcn ---uucaa 
181 0 |a i  
182 0 |a b 
200 1 |a Особенности проведения геофизических исследований в скважинах при изучении и освоении инфильтрационных (гидрогенных) месторождений урана  |b Электронный ресурс  |e учебное пособие  |f В. Г. Язиков, А. В. Легавко  |g Национальный исследовательский Томский политехнический университет (ТПУ), Институт природных ресурсов (ИПР), Кафедра геоэкологии и геохимии (ГЭГХ) 
203 |a Текст  |c электронный 
210 |a Томск  |c Изд-во ТПУ  |d 2012 
230 |a 1 компьютерный файл (pdf; 8.4 MB) 
300 |a Заглавие с титульного экрана 
300 |a Электронная версия печатной публикации 
330 |a В пособии изложены основные понятия, термины, этапы и методы геофизических исследований скважин при изучении и освоении инфильтрационных (гидрогенных) месторождений урана. Отражены принципы проведения исследований в скважинах, показывается современная основная аппаратурная база для проведения геофизических работ, а также нормативная документация для проведения работ на месторождениях с отработкой способом подземного скважинного выщелачивания. Предназначено для студентов бакалавриата и магистрантов, обучающихся по направлению 020700 "Геология", профиль "Геология месторождений радиоактивного сырья", а также для круга читателей, занимающихся изучением месторождений урана 
333 |a Режим доступа: из корпоративной сети ТПУ 
452 1 |0 (RuTPU)RU\TPU\book\253504  |t Особенности проведения геофизических исследований в скважинах при изучении и освоении инфильтрационных (гидрогенных) месторождений урана  |o учебное пособие  |f В. Г. Язиков, А. В. Легавко  |g Национальный исследовательский Томский политехнический университет (ТПУ)  |c Томск  |n Изд-во ТПУ  |d 2012  |p 95 с.  |a Язиков, Виктор Григорьевич 
606 1 |a Урановые руды  |x Месторождения  |x Поиски и разведка  |2 stltpush  |3 (RuTPU)RU\TPU\subj\63217  |9 80248 
610 1 |a электронный ресурс 
610 1 |a геофизические исследования 
610 1 |a инфильтрационные месторождения 
610 1 |a скважины 
610 1 |a геофизические методы 
610 1 |a керн 
610 1 |a радиометрический промер 
610 1 |a пробы 
610 1 |a лабораторный анализ 
610 1 |a аппаратура 
610 1 |a обоснование 
610 1 |a учебные пособия 
675 |a 553.495:550.8(075.8)  |v 3 
700 1 |a Язиков  |b В. Г.  |g Виктор Григорьевич 
701 1 |a Легавко  |b А. В.  |g Александр Васильевич 
712 0 2 |a Национальный исследовательский Томский политехнический университет (ТПУ)  |b Институт природных ресурсов (ИПР)  |b Кафедра геоэкологии и геохимии (ГЭГХ)  |h 259  |2 stltpush  |3 (RuTPU)RU\TPU\col\18658 
801 1 |a RU  |b 63413507  |c 20130404 
801 2 |a RU  |b 63413507  |c 20130405  |g RCR 
856 4 |u http://www.lib.tpu.ru/fulltext2/m/2013/m055.pdf 
942 |c CF